| 000 | 01716cam a2200433 i 4500 | ||
|---|---|---|---|
| 001 | 19573656 | ||
| 003 | OSt | ||
| 005 | 20210215130602.0 | ||
| 008 | 170327t20182018paua b 001 0 eng | ||
| 010 | _a 2017014423 | ||
| 020 | _a9780803660854 (alk. paper) | ||
| 020 | _a0803660855 (alk. paper) | ||
| 035 | _a(DNLM)101703010 | ||
| 040 |
_aDNLM/DLC _beng _cDLC _erda _dDLC _dPHNSL |
||
| 042 | _apcc | ||
| 050 | 0 | 0 |
_aRT62 _b.A53 2018 |
| 060 | 1 | 0 | _aWY 195 |
| 082 | 0 | 0 |
_a610.7306/93 _223 |
| 100 | 1 |
_aDahlkemper, Tamara R., _eauthor. |
|
| 240 | 1 | 0 | _aAnderson's nursing leadership, management, and professional practice for the LPN/LVN |
| 245 | 1 | 0 |
_aNursing leadership, management, and professional practice for the LPN/LVN / _cTamara R. Dahlkemper, MSN, RN, CNE, Associate Professor, Weber State University School of Nursing, Ogden, Utah. |
| 250 | _aSixth edition. | ||
| 260 |
_aPhiladelphia, PA : _bF.A. Davis Company, _c2013. |
||
| 300 |
_axv, 340 pages : _bcolor illustrations ; _c26 cm |
||
| 336 |
_atext _2rdacontent |
||
| 337 |
_aunmediated _2rdamedia |
||
| 338 |
_avolume _2rdacarrier |
||
| 500 | _aPreceded by Anderson's nursing leadership, management, and professional practice for the LPN/LVN / Tamara R. Dahlkemper. 5th ed. c2013. | ||
| 504 | _aIncludes bibliographical references and index. | ||
| 650 | 1 | 2 |
_aNursing, Practical _xorganization & administration |
| 650 | 2 | 2 |
_aNursing Services _xorganization & administration |
| 650 | 2 | 2 | _aNurse Administrators |
| 650 | 2 | 2 | _aLicensed Practical Nurses |
| 650 | 2 | 2 | _aLeadership |
| 650 | 2 | 2 | _aVocational Guidance |
| 906 |
_a7 _bcbc _corignew _d1 _eecip _f20 _gy-gencatlg |
||
| 942 |
_2lcc _cBK |
||
| 999 |
_c331 _d331 |
||